000 00658nam a2200241 a 4500
001 nice12345678
003 IN_TiNIC
005 20260116014022.0
008 120809s2010 lona grp 000 0 eng
020 _a9780415596329
_c495
082 0 0 _a323.454
_bDAS
100 _aDasgupta, Sumona
245 _aCitizen Initiatives and Democratic Engagement
_b Experiences from India
260 _aLondon
_bRoutledge Chapman Hall
_c2010
300 _a187p
500 _aincludes index and biblioraphy
505 2 _aBibliography, Index
650 _aCivil Rights-India
700 1 _aDasgupta, Sumona
902 _bSRS
942 _cBK
999 _c13527
_d13527